000 00327nam a2200121Ia 4500
008 220217s9999 xx 000 0 und d
245 0 _aMethods of test for rubber latex: Part V. Drawing of samples
260 _c1979
500 _aStandard number: IS 9316 Part II
650 _aLatex
650 _aSample drawing
942 _cST
999 _c73976
_d73976